KUNDALINI (Record no. 178116)
[ view plain ]
| 000 -LEADER | |
|---|---|
| fixed length control field | 00706nam a22002417a 4500 |
| 005 - DATE AND TIME OF LATEST TRANSACTION | |
| control field | 20210317160711.0 |
| 006 - FIXED-LENGTH DATA ELEMENTS--ADDITIONAL MATERIAL CHARACTERISTICS--GENERAL INFORMATION | |
| fixed length control field | a|||||f|||| 00| 0 |
| 007 - PHYSICAL DESCRIPTION FIXED FIELD--GENERAL INFORMATION | |
| fixed length control field | tc |
| 008 - FIXED-LENGTH DATA ELEMENTS--GENERAL INFORMATION | |
| fixed length control field | 180720b xxu||||| |||| 00| 0 eng d |
| 010 ## - LCCN (DPL NO) | |
| LC control number | BR-003160-BR-003161 |
| 020 ## - INTERNATIONAL STANDARD BOOK NUMBER | |
| Terms of availability | 05.00 |
| 035 ## - SYSTEM CONTROL NUMBER | |
| System control number | BR-003160 |
| 037 ## - SOURCE OF ACQUISITION | |
| Source of stock number/acquisition | A.I.C.B. |
| 082 ## - DEWEY DECIMAL CLASSIFICATION NUMBER | |
| Classification number | S |
| 100 ## - MAIN ENTRY--PERSONAL NAME | |
| Personal name | Om Swami |
| 245 ## - TITLE STATEMENT | |
| Title | KUNDALINI |
| Statement of responsibility, etc | Om Swami |
| 246 ## - VARYING FORM OF TITLE | |
| Title proper/short title | KUNDALINI |
| 260 ## - PUBLICATION, DISTRIBUTION, ETC. (IMPRINT) | |
| Place of publication, distribution, etc | New Delhi |
| Name of publisher, distributor, etc | A.C.I.B. |
| Date of publication, distribution, etc | N.D. |
| 270 ## - ADDRESS | |
| Address | Sector-5, Rohini, |
| City | New Delhi |
| Postal code | 110085 |
| 300 ## - PHYSICAL DESCRIPTION | |
| Extent | 2V.,various pages. |
| Dimensions | 30cm (HB). |
| 942 ## - ADDED ENTRY ELEMENTS (KOHA) | |
| Source of classification or shelving scheme | Dewey Decimal Classification |
| Item type | Braille-Books-English |
| Classification part | S |
| Call number suffix | OMS |
| Withdrawn status | Lost status | Materials specified (bound volume or other part) | Not for loan | Collection code | Home library | Current library | Date acquired | Source of acquisition | Cost, normal purchase price | Full call number | Barcode | Copy number | Cost, replacement price | Koha item type |
|---|---|---|---|---|---|---|---|---|---|---|---|---|---|---|
| V.-1 | Not For Loan | Fiction | Braille-Library | Braille-Library | 03/08/2019 | 2019-08-03 | 5.00 | S-OMS | BR-003160 | 1 | 5.00 | Braille-Books-English | ||
| V.-2 | Not For Loan | Fiction | Braille-Library | Braille-Library | 03/08/2019 | 2019-08-03 | 5.00 | S OMS | BR-003161 | 1 | 5.00 | Braille-Books-English | ||
| V.1 | Not For Loan | Fiction | Braille-Library | Braille-Library | 03/08/2019 | 2019-08-03 | 5.00 | S OMS | BR-003162 | 2 | 5.00 | Braille-Books-English | ||
| V.-2 | Not For Loan | Fiction | Braille-Library | Braille-Library | 03/08/2019 | 2019-08-03 | 5.00 | S OMS | BR-003163 | 2 | 5.00 | Braille-Books-English |
